| 000 | 00764nam a2200217 i 4500 | ||
|---|---|---|---|
| 001 | 181373 | ||
| 003 | ES-MaACL | ||
| 005 | 20240301062538.0 | ||
| 007 | t| | ||
| 008 | 121220s1875 sp ||||1| spa d | ||
| 080 | _a027(460.27 M) | ||
| 110 | 2 |
_aBiblioteca Nacional (España) _92188 |
|
| 245 | 1 | 0 |
_aMemoria para la Biblioteca Nacional en el presente año, 1875 / _c[Juan Eugenio Hartzenbusch]. |
| 260 |
_aMadrid : _b[s.n.], _c1875 ( _fImp. de Aribau) |
||
| 300 |
_a43 p. ; _c27 cm. |
||
| 597 | _aPort. con esc. real xil. | ||
| 610 | 2 | 4 |
_aBiblioteca Nacional (España)- _vMemorias. _9138862 |
| 700 | 1 |
_aHartzenbusch, Juan Eugenio, _d1806-1880 _962011 |
|
| 852 | 4 |
_aES-MaACL _jT-170-F-6 _z.- Enc. hol. en un vol. facticio |
|
| 999 |
_c181373 _d181373 |
||